| 000 | 00853nam a22002417a 4500 | ||
|---|---|---|---|
| 005 | 20080814103758.0 | ||
| 006 | a|||||r|||||00| 0 | ||
| 008 | 080814t xxu||||| |||| 00| 0 eng d | ||
| 010 | _aENG-90724 | ||
| 020 |
_a8190328255 _c400.00 |
||
| 035 | _aEN-74257 | ||
| 037 | _bDBAD / PUB | ||
| 040 |
_aDPL _bENGLISH |
||
| 082 | _a611.0188 | ||
| 100 | _aAmrendra | ||
| 245 |
_aNeuroglia / _cby Amrendra |
||
| 260 |
_aDelhi _bGlobal Books Organisation _c2008 |
||
| 270 |
_a79-42, Ekta Apartment, Geeta Colony _bDelhi _e110 031 |
||
| 300 |
_aix, 108p. _c22 cm.(Hb) |
||
| 500 | _aIncludes bibliographical references and index | ||
| 942 |
_2ddc _cEN _h611.0188 _mAMR |
||
| 999 |
_c14845 _d14845 |
||